قراءات فى واقع الثقافة العربية / (Record no. 15853)
[ view plain ]
| 000 -الفاتح | |
|---|---|
| حقل البيانات ثابتة الطول | 00720nam a22001697a 4500 |
| 008 - عناصر البيانات ثابتة الطول - معلومات عامة | |
| حقل البيانات ثابتة الطول | 110816t1986 xxu||||g |||| 000 0 ara d |
| 082 ## - رقم تصنيف ديوى العشرى | |
| رقم الطبعة | 22 |
| رقم التصنيف | 301.20953 |
| رقم المادة | ص ا ب |
| 100 ## - المدخل الرئيسى - إسم شخصى | |
| 9 (RLIN) | 26751 |
| الإسم الشخصى | صابر،محيى الدين |
| 245 ## - بيان العنوان | |
| العنوان | قراءات فى واقع الثقافة العربية / |
| بيان المسئوليه,etc | محيى الدين صابر |
| 260 ## - PUBLICATION, DISTRIBUTION, ETC. (IMPRINT) | |
| مكان الناشر او الموزع | بيروت: |
| اسم الناشر او الموزع | دار الرائد العربى ،1986. |
| تاريخ النشر أو التوزيع | 1986. |
| 300 ## - الوصف المادى | |
| التعداد | 359ص، |
| أبعاد الوعاء | 24سم. |
| 650 ## - المدخل الاضافى بالموضوع-مصطلح موضوعى | |
| 9 (RLIN) | 13400 |
| مصطلح موضوعي أو اسم جغرافي كعنصر مدخل | الثقافة العربية |
| 650 ## - المدخل الاضافى بالموضوع-مصطلح موضوعى | |
| 9 (RLIN) | 8792 |
| مصطلح موضوعي أو اسم جغرافي كعنصر مدخل | الحضارة العربية |
| 653 ## - مصطلح تكشيفى غير مقيد | |
| Resource For college | |
| Arrived date list | August2011 |
| 942 ## - عناصر المدخل الإضافي( كوها) | |
| مصدر التصنيف او مخطط الترفيف | Dewey Decimal Classification |
| Koha [default] item type | Book - Borrowing |
| حالة التراجع | حالة الفقد | مصدر التصنيف او خطة الترفيف | حالة تلف | ليس للاعارة | مجموعات كوها | المكان الدائم | المكان الحالي | موقع الترفيف | تاريخ الاكتساب | Source of acquisition | رقم الاستدعاء | الباركود | Date last seen | نوع الوعاء |
|---|---|---|---|---|---|---|---|---|---|---|---|---|---|---|
| Dewey Decimal Classification | Central Library | Central Library | First floor | 16/08/2011 | Purchase | 301.20953 ص ا ب | 000023482 | 15/07/2025 | Book - Borrowing |